000
00333 a2200157 4500
001
69759
020
_a
858588567X
040
_c
Anchieta - Itaigara
100
_a
Heck, Egon
240
1
0
_a
América Central
_l
por
245
1
0
_a
América Central
300
_a
12
362
0
_a
0
650
4
_a
Literatura infanto-juvenil
942
_c
BK
999
_c
69759
_d
69759